All countries at Miss Earth 2025 - Statistics

General Stats
  • This quiz has been taken 4 times
  • The average score is 23 of 77
Answer Stats
Picture Answer % Correct
Ghana
67%
Hong Kong
67%
Japan
67%
Mexico
67%
South Korea
67%
Argentina
33%
Australia
33%
Austria
33%
Bangladesh
33%
Belize
33%
Brazil
33%
Bulgaria
33%
Cambodia
33%
Canada
33%
Cayman Islands
33%
Chile
33%
Colombia
33%
Cuba
33%
Czech Republic
33%
Dominican Republic
33%
Ecuador
33%
England
33%
Estonia
33%
Ethiopia
33%
Finland
33%
France
33%
Germany
33%
Iceland
33%
India
33%
Indonesia
33%
Italy
33%
Jamaica
33%
Laos
33%
Macau
33%
Moldova
33%
Mongolia
33%
Namibia
33%
Nepal
33%
Netherlands
33%
Nigeria
33%
Northern Mariana Islands
33%
Norway
33%
Pakistan
33%
Peru
33%
Poland
33%
Réunion
33%
Romania
33%
Russia
33%
Scotland
33%
Serbia
33%
Singapore
33%
South Africa
33%
Sri Lanka
33%
Sweden
33%
Tanzania
33%
Thailand
33%
Turkey
33%
United Arab Emirates
33%
United States
33%
Venezuela
33%
Vietnam
33%
Wales
33%
Zimbabwe
33%
Albania
0%
Armenia
0%
Belarus
0%
El Salvador
0%
Kenya
0%
Lebanon
0%
Liberia
0%
Malaysia
0%
Myanmar
0%
New Zealand
0%
Philippines
0%
Portugal
0%
Ukraine
0%
Uzbekistan
0%
No matching quizzes found
Score Distribution
Percent of People with Each Score
Percentile by Number Answered
Your Score History
You have not taken this quiz